Taylor Swift Fun Facts - Statistics

General Stats
  • This quiz has been taken 56 times
  • The average score is 9 of 15
Answer Stats
Hint Answer % Correct
taylor's favourite number 13
100%
how many songs does she have with ed sheeran? 4
91%
what is taylors middle name? alison
78%
how old was she when she released red(tv)? 31
72%
how old was she when she released red(sv)? 23
70%
who is bad blood about? katy perry
70%
what is taylor's first cat's name? meredith
67%
what is her brother's name? austin
65%
what is the name of the combined folklore and evermore set folkmore
65%
what is her rapper name? t-swizzle
59%
what was the lover tour supposed to be called? loverfest
50%
what movie was she in with Taylor Lautner? valentines day
48%
what city was the 1989 tour film recorded in? Sydney
37%
what song is written about jack antonoff and lena dunham? you are in love
30%
who is becky? becky
9%
No matching quizzes found
Score Distribution
Percent of People with Each Score
Percentile by Number Answered
Your Score History
You have not taken this quiz